| 000 | 00564nam a2200157Ia 4500 | ||
|---|---|---|---|
| 008 | 100204s9999 xx 000 0 und d | ||
| 082 | _b28219 | ||
| 245 | _aआंधळे रंगं पांगळया रेषा | ||
| 250 | _a0 | ||
| 260 |
_b"डायमंड पब्लिकेशन ,पुणे" _c2007 |
||
| 300 | _a123 | ||
| 630 | _aआंधळे रंगं पांगळया रेषा | ||
| 700 | _aकिणीकर रॉय | ||
| 730 | _aआंधळे रंगं पांगळया रेषा | ||
| 942 | _cBOOK | ||
| 999 |
_c473790 _d473787 |
||